[Event "Gibraltar Masters 2019"]
[Site "Caleta ENG"]
[Date "2019.01.27"]
[Round "6"]
[White "Matlakov, Maxim"]
[Black "Moroni, Luca Jr"]
[Result "1-0"]
[WhiteElo "2700"]
[BlackElo "2562"]
[PlyCount "73"]
[EventDate "2019.01.22"]

1. c4 e6 2. Nc3 d5 3. d4 Nf6 4. cxd5 exd5 5. Bg5 c6 6. e3 Be7 7. Bd3 Nbd7 8.
Nge2 O-O 9. O-O Re8 10. f3 Nf8 11. Bh4 Ne6 12. Kh1 b5 13. Qc2 g6 14. a3 a5 15.
Rab1 b4 16. Na4 Bb7 17. axb4 axb4 18. b3 Rc8 19. Rbc1 Nd7 20. Bxe7 Qxe7 21. Qd2
Ng5 22. Rcd1 Rb8 23. Kg1 h5 24. Kf2 h4 25. Nf4 h3 26. gxh3 c5 27. Rg1 cxd4 28.
exd4 Qf6 29. Bb1 Ba6 30. Rg3 Rbc8 31. Nxd5 Qe6 32. Rxg5 Qxh3 33. Nf4 Qh4+ 34.
Rg3 Nf6 35. Kg1 Nh5 36. Rg4 Qf6 37. Nc5 1-0

[Event "Gibraltar Masters 2019"]
[Site "Caleta ENG"]
[Date "2019.01.28"]
[Round "7"]
[White "Saric, Ivan"]
[Black "Navara, David"]
[Result "1/2-1/2"]
[WhiteElo "2690"]
[BlackElo "2738"]
[PlyCount "173"]
[EventDate "2019.01.22"]

1. e4 e5 2. Nf3 Nc6 3. Bb5 a6 4. Ba4 Nf6 5. O-O Be7 6. Re1 b5 7. Bb3 O-O 8. c3
d5 9. exd5 Nxd5 10. Nxe5 Nxe5 11. Rxe5 c6 12. d3 Bd6 13. Re1 Bf5 14. Qf3 Qh4
15. g3 Qh3 16. Be3 Bxd3 17. Nd2 Qf5 18. Bd4 Rfd8 19. Qxf5 Bxf5 20. Ne4 Bf8 21.
f3 h6 22. Rad1 a5 23. a4 b4 24. Bc4 Rab8 25. Be5 Rb7 26. Bd4 Rbd7 27. Rc1 bxc3
28. bxc3 Rb7 29. Rb1 Rdb8 30. Rxb7 Rxb7 31. Bf1 Nc7 32. Nc5 Rb2 33. Re5 Be6 34.
Nxe6 Nxe6 35. Be3 Rb3 36. Rxa5 Rxc3 37. Kf2 Rc2+ 38. Be2 c5 39. Ra8 Nd4 40.
Bxd4 cxd4 41. Ke1 g5 42. Rd8 d3 43. Bxd3 Rxh2 44. a5 Kg7 45. a6 Bb4+ 46. Kd1
Bc5 47. Rd7 Rh3 48. Bc4 Rxg3 49. Bxf7 Kf6 50. Bd5 g4 51. a7 Bxa7 52. Rxa7 gxf3
53. Ke1 h5 54. Kf2 h4 55. Rh7 Rg5 56. Bxf3 h3 57. Ke3 Rc5 58. Rxh3 Ke5 59. Be4
Rc3+ 60. Bd3 Rc5 61. Rh6 Kd5 62. Rh4 Kd6 63. Bc4 Ke5 64. Re4+ Kf5 65. Be6+ Kf6
66. Kf4 Rc2 67. Bg4 Rf2+ 68. Bf3 Rf1 69. Re2 Kf7 70. Ra2 Kf6 71. Ra6+ Ke7 72.
Ke4 Re1+ 73. Kd5 Rg1 74. Kd4 Re1 75. Be4 Rd1+ 76. Ke5 Re1 77. Ra7+ Ke8 78. Kd5
Kf8 79. Bf5 Re7 80. Ra8+ Kf7 81. Ra6 Re1 82. Bg6+ Ke7 83. Be4 Rd1+ 84. Ke5 Re1
85. Ra2 Kd7 86. Ra7+ Ke8 87. Ra8+ 1/2-1/2

[Event "Gibraltar Masters 2019"]
[Site "Caleta ENG"]
[Date "2019.01.28"]
[Round "7"]
[White "Grandelius, Nils"]
[Black "Le, Quang Liem"]
[Result "1/2-1/2"]
[WhiteElo "2682"]
[BlackElo "2714"]
[PlyCount "147"]
[EventDate "2019.01.22"]

1. e4 e5 2. Nf3 Nc6 3. Bb5 Nf6 4. d3 Bc5 5. c3 O-O 6. O-O d6 7. h3 Ne7 8. d4
Bb6 9. Re1 c6 10. Bd3 Ng6 11. Be3 Nh5 12. Nbd2 Nhf4 13. Bf1 exd4 14. Nxd4 d5
15. N4f3 Be6 16. exd5 Bxd5 17. g3 Ne6 18. h4 Re8 19. Bg2 h6 20. Qc2 Qf6 21. a4
Bxe3 22. Rxe3 Nc7 23. Ne4 Bxe4 24. Rxe4 Rxe4 25. Qxe4 Re8 26. Qd4 Qxd4 27. Nxd4
Kf8 28. a5 a6 29. h5 Ne5 30. Nf5 Nb5 31. Rd1 g6 32. hxg6 fxg6 33. Nxh6 Kg7 34.
f4 Kxh6 35. fxe5 Rxe5 36. Rd7 Re1+ 37. Kh2 c5 38. Rxb7 Ra1 39. Rb6 Rxa5 40. Be4
Kg7 41. Rxg6+ Kf8 42. Bd5 Ra1 43. Kh3 Rb1 44. Rf6+ Ke7 45. Rf2 a5 46. g4 a4 47.
g5 a3 48. bxa3 Nxc3 49. Bc4 Rg1 50. Rg2 Rh1+ 51. Kg4 Re1 52. Kh5 Ne4 53. Kg6
Rc1 54. Bd5 Nd6 55. Re2+ Kd8 56. Kh7 Rc3 57. a4 Rh3+ 58. Kg7 c4 59. g6 c3 60.
Kf6 Rg3 61. Bf7 Kd7 62. Be6+ Kd8 63. Ke5 Kc7 64. Bf7 Nxf7+ 65. gxf7 Rf3 66. Ke6
Kb6 67. Re4 c2 68. Rc4 Re3+ 69. Kd7 Rd3+ 70. Ke7 Re3+ 71. Kf6 Rf3+ 72. Kg7 Rg3+
73. Kf8 Rg2 74. Rc3 1/2-1/2

[Event "Gibraltar Masters 2019"]
[Site "Caleta ENG"]
[Date "2019.01.28"]
[Round "7"]
[White "Adhiban, Baskaran"]
[Black "Yu, Yangyi"]
[Result "0-1"]
[WhiteElo "2689"]
[BlackElo "2764"]
[PlyCount "52"]
[EventDate "2019.01.22"]

1. e4 e5 2. Nf3 Nf6 3. Nc3 Nc6 4. Bb5 Nd4 5. Bc4 Bc5 6. Nxe5 Qe7 7. Nf3 d5 8.
Bxd5 Bg4 9. d3 Nd7 10. Be3 Ne5 11. Bxf7+ Nxf7 12. Nd5 Qd7 13. c3 Nxf3+ 14. gxf3
Bxe3 15. Nxe3 Bh5 16. Ng4 O-O-O 17. d4 Ng5 18. h4 Nxf3+ 19. Qxf3 Rhf8 20. Qe3
Qxg4 21. Kd2 Rf3 22. Rag1 Qe6 23. Qe1 Qxa2 24. Kc2 Be8 25. Rxg7 Ba4+ 26. Kc1
Qa1+ 0-1

[Event "Gibraltar Masters 2019"]
[Site "Caleta ENG"]
[Date "2019.01.28"]
[Round "7"]
[White "Vachier-Lagrave, Maxime"]
[Black "Tari, Aryan"]
[Result "1-0"]
[WhiteElo "2780"]
[BlackElo "2625"]
[PlyCount "71"]
[EventDate "2019.01.22"]

1. c4 c5 2. g3 g6 3. Bg2 Bg7 4. Nc3 Nc6 5. b3 d6 6. Bb2 e5 7. e3 Bf5 8. Nge2
Nge7 9. O-O O-O 10. Ne4 Qd7 11. f4 Rad8 12. d3 b6 13. N2c3 h6 14. Nd5 Nxd5 15.
cxd5 Ne7 16. Nf2 Qc8 17. e4 Bd7 18. Qd2 f5 19. Rae1 Qc7 20. Nd1 Rf7 21. Ne3
exf4 22. gxf4 Bxb2 23. Qxb2 fxe4 24. dxe4 Rdf8 25. e5 Rxf4 26. Rxf4 Rxf4 27.
exd6 Qxd6 28. Nc4 Rxc4 29. bxc4 Nf5 30. Bh3 Qf4 31. Qf6 Qd4+ 32. Qxd4 cxd4 33.
Kf2 Kf7 34. Ke2 Ke7 35. Kd3+ Kd6 36. Bxf5 1-0

[Event "Gibraltar Masters 2019"]
[Site "Caleta ENG"]
[Date "2019.01.28"]
[Round "7"]
[White "Naiditsch, Arkadij"]
[Black "Santos Latasa, Jaime"]
[Result "1-0"]
[WhiteElo "2734"]
[BlackElo "2581"]
[PlyCount "139"]
[EventDate "2019.01.22"]

1. e4 e5 2. Nf3 Nc6 3. Bb5 a6 4. Ba4 Nf6 5. d3 b5 6. Bb3 Bc5 7. Nc3 d6 8. Nd5
h6 9. c3 Rb8 10. O-O O-O 11. h3 Nxd5 12. Bxd5 Ne7 13. Bb3 Ng6 14. d4 Bb6 15.
Be3 Qf6 16. Nh2 Qh4 17. Re1 Bb7 18. Bc2 Bxe4 19. Bxe4 Qxe4 20. dxe5 Nh4 21. Qg4
Qxg4 22. hxg4 dxe5 23. Bxb6 cxb6 24. Rxe5 Rfe8 25. Rxe8+ Rxe8 26. Kf1 Ng6 27.
Nf3 Re4 28. g5 hxg5 29. Nxg5 Rh4 30. Nf3 Rh1+ 31. Ng1 Kf8 32. g3 Ne5 33. Kg2
Rh6 34. Rd1 Nc4 35. b3 Rd6 36. Re1 Na5 37. Nf3 Nc6 38. Rh1 Kg8 39. Re1 Kf8 40.
Rh1 Kg8 41. Rc1 Rd3 42. Ne1 Rd7 43. Kf3 f6 44. Ke4 Kf7 45. Nf3 Re7+ 46. Kd3
Ne5+ 47. Nxe5+ Rxe5 48. c4 Ke6 49. f4 Rc5 50. g4 g5 51. Re1+ Kd6 52. cxb5 Rd5+
53. Ke4 gxf4 54. Kxf4 Rxb5 55. Re8 Ra5 56. a4 b5 57. Ra8 Ke7 58. Ra7+ Kf8 59.
Kf5 bxa4+ 60. Kxf6 Ke8 61. bxa4 Rxa4 62. g5 Rf4+ 63. Kg7 Ra4 64. g6 a5 65. Kg8
Rg4 66. g7 a4 67. Kh7 Rh4+ 68. Kg6 Rg4+ 69. Kf6 Kd8 70. Ra5 1-0

[Event "Gibraltar Masters 2019"]
[Site "Caleta ENG"]
[Date "2019.01.28"]
[Round "7"]
[White "Jumabayev, Rinat"]
[Black "Vitiugov, Nikita"]
[Result "0-1"]
[WhiteElo "2604"]
[BlackElo "2720"]
[PlyCount "102"]
[EventDate "2019.01.22"]

1. c4 e5 2. Nc3 Nf6 3. Nf3 Nc6 4. e3 Bb4 5. Qc2 Bxc3 6. Qxc3 Qe7 7. Be2 O-O 8.
d4 exd4 9. Nxd4 Ne4 10. Qd3 Nxd4 11. Qxd4 b6 12. f3 Nc5 13. h4 Bb7 14. Bd2 f5
15. h5 h6 16. O-O-O Rae8 17. Rde1 Rd8 18. Qh4 Qf7 19. Rhg1 Ne6 20. Bc3 d5 21.
Rd1 f4 22. cxd5 Bxd5 23. e4 Bxa2 24. g3 Bb3 25. Rd2 Rxd2 26. Kxd2 Qd7+ 27. Ke1
Rf7 28. gxf4 Rxf4 29. Qg3 Rf7 30. Qe5 Ng5 31. Rxg5 hxg5 32. Qxg5 Qe7 33. Qg3
Qd6 34. Be5 Qc5 35. f4 Qc1+ 36. Kf2 Qc2 37. Ke3 Qc5+ 38. Bd4 Qc1+ 39. Kf3 Bd1
40. f5 Qd2 41. Bxd1 Qxd1+ 42. Ke3 c5 43. Bc3 Rd7 44. Kf4 Qxh5 45. f6 g5+ 46.
Ke3 Kf7 47. e5 Qd1 48. e6+ Kxe6 49. Qe5+ Kf7 50. Qf5 Qg1+ 51. Ke2 Qh2+ 0-1

[Event "Gibraltar Masters 2019"]
[Site "Caleta ENG"]
[Date "2019.01.28"]
[Round "7"]
[White "Deac, Bogdan-Daniel"]
[Black "Mamedov, Rauf"]
[Result "1/2-1/2"]
[WhiteElo "2603"]
[BlackElo "2703"]
[PlyCount "58"]
[EventDate "2019.01.22"]

1. e4 c5 2. Nf3 d6 3. d4 Nf6 4. Nc3 cxd4 5. Nxd4 g6 6. Be3 Bg7 7. f3 Nc6 8. Qd2
O-O 9. O-O-O d5 10. exd5 Nxd5 11. Nxc6 bxc6 12. Bd4 Bxd4 13. Qxd4 Qb6 14. Na4
Qc7 15. Bc4 Rd8 16. g3 Bh3 17. Qf2 Nb6 18. Rxd8+ Rxd8 19. Nxb6 axb6 20. Rd1
Rxd1+ 21. Kxd1 Qd6+ 22. Kc1 Qe5 23. a4 c5 24. Qd2 Kg7 25. f4 Qf6 26. Qe3 Qd6
27. Qd2 Qf6 28. Qe3 Qd6 29. Qd2 Qf6 1/2-1/2

[Event "Gibraltar Masters 2019"]
[Site "Caleta ENG"]
[Date "2019.01.28"]
[Round "7"]
[White "Adams, Michael"]
[Black "Lalith, Babu M R"]
[Result "1/2-1/2"]
[WhiteElo "2701"]
[BlackElo "2547"]
[PlyCount "149"]
[EventDate "2019.01.22"]

1. e4 e5 2. Nf3 Nc6 3. Bb5 a6 4. Ba4 Nf6 5. O-O Nxe4 6. d4 b5 7. Bb3 d5 8. dxe5
Be6 9. c3 Be7 10. Bf4 O-O 11. Nd4 Qd7 12. Re1 Rad8 13. a4 b4 14. a5 Nxd4 15.
cxd4 f6 16. f3 fxe5 17. Bxe5 Nd6 18. Qe2 Nc4 19. Bxc4 dxc4 20. Nd2 Bf6 21. Nxc4
Bxe5 22. Nxe5 Qxd4+ 23. Kh1 Rd6 24. Rad1 Qc5 25. Rxd6 Qxd6 26. Nc4 Bxc4 27.
Qxc4+ Kh8 28. h3 h6 29. Re6 Qd2 30. b3 Qc3 31. Qxc3 bxc3 32. Rc6 Rf5 33. b4 Rb5
34. Rxc3 Rxb4 35. Rc6 Ra4 36. Rxa6 c5 37. Kg1 Ra2 38. Kf1 c4 39. Rc6 Rxa5 40.
Rxc4 Kh7 41. Re4 g5 42. Kf2 Ra6 43. Kg3 Kg6 44. h4 Rb6 45. Kg4 Ra6 46. Rc4 Rb6
47. h5+ Kf6 48. g3 Rb7 49. Rc6+ Kg7 50. f4 gxf4 51. gxf4 Ra7 52. Rg6+ Kh7 53.
Re6 Kg7 54. Kf5 Ra5+ 55. Re5 Ra7 56. Rd5 Rf7+ 57. Ke4 Re7+ 58. Re5 Ra7 59. Re6
Ra4+ 60. Kf3 Ra3+ 61. Kg4 Ra7 62. Rg6+ Kh7 63. Rd6 Kg7 64. f5 Ra4+ 65. Kg3 Ra1
66. Rg6+ Kh7 67. Rd6 Kg7 68. Rg6+ Kh7 69. Re6 Kg7 70. Kf4 Rf1+ 71. Ke5 Re1+ 72.
Kd6 Rf1 73. Rg6+ Kf7 74. Ke5 Re1+ 75. Kf4 1/2-1/2

[Event "Gibraltar Masters 2019"]
[Site "Caleta ENG"]
[Date "2019.01.28"]
[Round "7"]
[White "Papp, Gabor1"]
[Black "Matlakov, Maxim"]
[Result "0-1"]
[WhiteElo "2603"]
[BlackElo "2700"]
[PlyCount "76"]
[EventDate "2019.01.22"]

1. e4 c5 2. c3 d5 3. exd5 Qxd5 4. d4 g6 5. Nf3 Bg7 6. Na3 cxd4 7. Bc4 Qe4+ 8.
Be3 Nh6 9. Bd3 Qd5 10. Bc4 Qe4 11. Bd3 Qd5 12. Bc4 Qa5 13. Bb5+ Nc6 14. Nxd4
O-O 15. Nxc6 bxc6 16. Be2 Nf5 17. Nc4 Qd5 18. O-O Ba6 19. Nd2 Nxe3 20. fxe3 Bd3
21. Nf3 Bf5 22. Nd4 Be4 23. Bf3 Rab8 24. Qe2 a5 25. Bxe4 Qxe4 26. Nb3 Qe5 27.
Rad1 a4 28. Nd4 Rb6 29. Rf3 Qc5 30. Qc2 e5 31. Ne2 Rfb8 32. Rb1 Qc4 33. a3 Bf8
34. Rff1 Bc5 35. Kf2 Qh4+ 36. Ng3 f5 37. Kg1 Bxe3+ 38. Kh1 Bf4 0-1

[Event "Gibraltar Masters 2019"]
[Site "Caleta ENG"]
[Date "2019.01.28"]
[Round "7"]
[White "Koneru, Humpy"]
[Black "Howell, David W L"]
[Result "0-1"]
[WhiteElo "2541"]
[BlackElo "2685"]
[PlyCount "114"]
[EventDate "2019.01.22"]

1. d4 Nf6 2. Nf3 g6 3. c4 Bg7 4. g3 O-O 5. Bg2 d6 6. O-O Nc6 7. Nc3 e5 8. dxe5
dxe5 9. Bg5 Be6 10. Qa4 Qc8 11. Bxf6 Bxf6 12. Nd5 Bd8 13. Rfd1 e4 14. Nd4 Nxd4
15. Rxd4 f5 16. Qa3 Re8 17. Rad1 c6 18. Nf4 Bf7 19. Rd7 Bf6 20. h4 Rd8 21.
Rxd8+ Bxd8 22. Qc3 Qc7 23. e3 Be7 24. Bf1 b6 25. Be2 a5 26. a3 a4 27. Rd2 Bd6
28. Qc2 Be5 29. Qd1 Ra7 30. Kg2 Kg7 31. Qc2 Qe7 32. Bf1 h6 33. Ne2 Qf6 34. Nc3
g5 35. hxg5 hxg5 36. Kg1 Bxc3 37. Qxc3 Qxc3 38. bxc3 Ra5 39. Rb2 Rc5 40. Rb4 b5
41. cxb5 cxb5 42. g4 Be8 43. c4 bxc4 44. Rxc4 Rd5 45. Kh2 Rd2 46. gxf5 Rxf2+
47. Bg2 Re2 48. Kg1 Kf6 49. Bxe4 Rxe3 50. Rb4 Rb3 51. Rb7 g4 52. Kf2 Rxa3 53.
Rb6+ Kg5 54. f6 Bf7 55. Ra6 Ra1 56. Kg3 a3 57. Ra5+ Kxf6 0-1

[Event "Gibraltar Masters 2019"]
[Site "Caleta ENG"]
[Date "2019.01.29"]
[Round "8"]
[White "Aronian, Levon"]
[Black "Artemiev, Vladislav"]
[Result "1/2-1/2"]
[WhiteElo "2767"]
[BlackElo "2709"]
[PlyCount "81"]
[EventDate "2019.01.22"]

1. d4 d5 2. c4 c6 3. Nf3 Nf6 4. Nc3 a6 5. e3 g6 6. Be2 Bg7 7. O-O O-O 8. Bd2
Bg4 9. Qb3 Ra7 10. Rfd1 e6 11. h3 Bxf3 12. Bxf3 Nbd7 13. Ne2 Re8 14. Be1 a5 15.
Qc2 Nb6 16. b3 Nc8 17. Nf4 Nd6 18. Nd3 Nd7 19. Rac1 Qe7 20. a4 h5 21. cxd5 exd5
22. b4 axb4 23. Bxb4 Rea8 24. a5 Bf8 25. Rb1 Qe8 26. Bxd6 Bxd6 27. Rb3 Qd8 28.
a6 Rxa6 29. Rxb7 Qc8 30. Rb3 Ra1 31. Rbb1 R8a2 32. Qc3 Rxb1 33. Rxb1 Ra3 34.
Qc2 Qa8 35. g3 Ra1 36. Rxa1 Qxa1+ 37. Kg2 Qa6 38. e4 Qc4 39. Qxc4 dxc4 40. Ne1
c5 41. Be2 1/2-1/2

[Event "Gibraltar Masters 2019"]
[Site "Caleta ENG"]
[Date "2019.01.29"]
[Round "8"]
[White "Le, Quang Liem"]
[Black "Vachier-Lagrave, Maxime"]
[Result "1/2-1/2"]
[WhiteElo "2714"]
[BlackElo "2780"]
[PlyCount "73"]
[EventDate "2019.01.22"]

1. d4 Nf6 2. c4 g6 3. Nc3 d5 4. cxd5 Nxd5 5. e4 Nxc3 6. bxc3 Bg7 7. Be3 c5 8.
Rc1 O-O 9. Nf3 Bg4 10. Be2 Qa5 11. O-O Qxa2 12. Ra1 Qb2 13. Qd3 Qb6 14. Rfb1
Qc7 15. Qc4 b6 16. h3 Bd7 17. dxc5 bxc5 18. Qxc5 Qxc5 19. Bxc5 Bc6 20. Rxa7
Rxa7 21. Bxa7 Nd7 22. Bd3 Ra8 23. Bd4 Ra3 24. Rc1 Bh6 25. Re1 Bf4 26. g3 Bd6
27. e5 Bc5 28. Be4 Bxe4 29. Rxe4 Bxd4 30. Rxd4 Nb6 31. Rd3 Na4 32. e6 fxe6 33.
Ng5 Rxc3 34. Rd8+ Kg7 35. Nxe6+ Kf6 36. Nf4 Kf7 37. h4 1/2-1/2

[Event "Gibraltar Masters 2019"]
[Site "Caleta ENG"]
[Date "2019.01.29"]
[Round "8"]
[White "Matlakov, Maxim"]
[Black "Yu, Yangyi"]
[Result "1/2-1/2"]
[WhiteElo "2700"]
[BlackElo "2764"]
[PlyCount "69"]
[EventDate "2019.01.22"]

1. c4 e5 2. Nc3 Bb4 3. Nd5 a5 4. a3 Be7 5. d4 d6 6. e4 Nf6 7. Nxe7 Qxe7 8. f3
Nfd7 9. Ne2 O-O 10. d5 Nc5 11. Be3 f5 12. Nc3 fxe4 13. Bxc5 dxc5 14. Nxe4 Bf5
15. Bd3 Ra6 16. O-O Rh6 17. Qd2 Bxe4 18. Bxe4 b6 19. Rae1 Qd6 20. Qg5 Rhf6 21.
Bc2 Nd7 22. Ba4 Rf5 23. Qg4 R8f7 24. Re4 Nf8 25. Rfe1 Rf4 26. Qh3 Rxe4 27. Rxe4
Rf4 28. Bc2 g6 29. Qc8 Kg7 30. Ba4 h5 31. Bc2 Qe7 32. b3 Rxe4 33. Bxe4 Nh7 34.
g3 Nf6 35. a4 1/2-1/2

[Event "Gibraltar Masters 2019"]
[Site "Caleta ENG"]
[Date "2019.01.29"]
[Round "8"]
[White "Navara, David"]
[Black "Grandelius, Nils"]
[Result "1-0"]
[WhiteElo "2738"]
[BlackElo "2682"]
[PlyCount "101"]
[EventDate "2019.01.22"]

1. e4 c5 2. Nf3 d6 3. Bb5+ Nd7 4. Ba4 Ngf6 5. O-O a6 6. c4 g6 7. Nc3 Bg7 8. d3
O-O 9. h3 b6 10. Bg5 h6 11. Be3 Bb7 12. Qd2 Kh7 13. Rab1 e6 14. b4 Qc7 15. Rfc1
Rfd8 16. Bd1 Bf8 17. Bf4 Ne5 18. bxc5 bxc5 19. Nxe5 dxe5 20. Bxe5 Qxe5 21. Rxb7
Kg7 22. Qe3 Rab8 23. Rb3 Nd7 24. f4 Qd4 25. Kf2 f5 26. e5 Be7 27. Rcb1 Rxb3 28.
Rxb3 Rb8 29. Qxd4 cxd4 30. Rxb8 Nxb8 31. Ne2 Nd7 32. Kf3 Bc5 33. Ba4 Nb6 34.
Bc6 a5 35. a4 Kf7 36. Nc1 Bb4 37. Nb3 Bc3 38. c5 Nc8 39. Bd7 Ne7 40. c6 Nd5 41.
Nc5 Nc7 42. Bc8 Ke7 43. Na6 Nd5 44. c7 Nb6 45. Bb7 Kd7 46. c8=Q+ Nxc8 47. Nc5+
Kc7 48. Bxc8 Kxc8 49. Nxe6 Bb2 50. g4 fxg4+ 51. hxg4 1-0

[Event "Gibraltar Masters 2019"]
[Site "Caleta ENG"]
[Date "2019.01.29"]
[Round "8"]
[White "Alekseenko, Kirill"]
[Black "Naiditsch, Arkadij"]
[Result "1-0"]
[WhiteElo "2637"]
[BlackElo "2734"]
[PlyCount "97"]
[EventDate "2019.01.22"]

1. e4 e5 2. Nf3 Nc6 3. Bb5 Nf6 4. d3 d6 5. O-O Be7 6. c3 O-O 7. Re1 a6 8. Ba4
Bg4 9. Nbd2 Nd7 10. h3 Bh5 11. Bc2 Kh8 12. g4 Bg6 13. Nf1 Nb6 14. Ng3 d5 15.
Qe2 f6 16. h4 Bf7 17. h5 dxe4 18. dxe4 Bc4 19. Qe3 Nd7 20. Nh4 Bc5 21. Qf3 Rf7
22. Bb3 Bxb3 23. axb3 Qe8 24. b4 Bb6 25. Ngf5 Nf8 26. Kh2 Ne6 27. Rg1 Ng5 28.
Qe2 Nd8 29. Bxg5 fxg5 30. Nf3 Ne6 31. Nxe5 Rf6 32. Nd3 g6 33. hxg6 hxg6 34. Rg3
Kg8 35. Rh3 Rd8 36. Rh1 Rxd3 37. Qxd3 Nf4 38. Kg1 Bxf2+ 39. Kxf2 Nxd3+ 40. Ke3
Rf8 41. Ne7+ Kf7 42. Nd5 Qd8 43. Rh7+ Ke6 44. Kxd3 Rf3+ 45. Kd4 Rf4 46. Re7+
Kd6 47. Rhh7 c6 48. Nxf4 Qb6+ 49. Kd3 1-0

[Event "Gibraltar Masters 2019"]
[Site "Caleta ENG"]
[Date "2019.01.29"]
[Round "8"]
[White "Vitiugov, Nikita"]
[Black "Saric, Ivan"]
[Result "1/2-1/2"]
[WhiteElo "2720"]
[BlackElo "2690"]
[PlyCount "84"]
[EventDate "2019.01.22"]

1. d4 Nf6 2. Nf3 g6 3. Nc3 d5 4. Bf4 Bg7 5. e3 c6 6. h3 Bf5 7. Bd3 Bxd3 8. cxd3
Nbd7 9. e4 O-O 10. e5 Ne8 11. h4 c5 12. dxc5 Nxc5 13. d4 Ne4 14. h5 Nxc3 15.
bxc3 Qd7 16. Qd2 Qf5 17. Nh4 Qe6 18. Kf1 a5 19. Rb1 b5 20. Rxb5 Qa6 21. Qe2 Nc7
22. Rb1 Rfb8 23. Rxb8+ Rxb8 24. Qxa6 Nxa6 25. Ke2 Rb2+ 26. Kd3 a4 27. Ra1 Nc7
28. Be3 gxh5 29. Nf5 e6 30. Ng3 h4 31. Nh5 h6 32. Nf4 f6 33. exf6 Bxf6 34. Nh3
Bg5 35. Nxg5 hxg5 36. Bxg5 Rxf2 37. Bxh4 Rxg2 38. c4 dxc4+ 39. Kxc4 Nd5 40. Kb5
Rd2 41. Be1 Rxd4 42. a3 Kf7 1/2-1/2

[Event "Gibraltar Masters 2019"]
[Site "Caleta ENG"]
[Date "2019.01.29"]
[Round "8"]
[White "Nakamura, Hikaru"]
[Black "Svane, Rasmus"]
[Result "1-0"]
[WhiteElo "2749"]
[BlackElo "2594"]
[PlyCount "53"]
[EventDate "2019.01.22"]

1. e4 c6 2. d4 d5 3. e5 Bf5 4. h4 h5 5. Bd3 Bxd3 6. Qxd3 Qa5+ 7. Nd2 e6 8. Ne2
Qa6 9. c4 c5 10. dxc5 Nc6 11. Qc3 dxc4 12. b4 cxb3 13. axb3 Qb5 14. Ba3 Nge7
15. Nc4 Nd5 16. Qg3 g6 17. Nc3 Nxc3 18. Qxc3 O-O-O 19. O-O Kb8 20. Nd6 Bxd6 21.
exd6 Rhe8 22. Bc1 Rd7 23. Be3 e5 24. f4 exf4 25. Bxf4 Nb4 26. Bg3 Rc8 27. Rxf7
1-0

[Event "Gibraltar Masters 2019"]
[Site "Caleta ENG"]
[Date "2019.01.29"]
[Round "8"]
[White "Lagarde, Maxime"]
[Black "So, Wesley"]
[Result "1/2-1/2"]
[WhiteElo "2604"]
[BlackElo "2765"]
[PlyCount "80"]
[EventDate "2019.01.22"]

1. e4 e5 2. Nf3 Nc6 3. Nc3 Nf6 4. Bb5 Bb4 5. Nd5 Nxd5 6. exd5 e4 7. dxc6 dxc6
8. Bc4 exf3 9. Qxf3 O-O 10. c3 Qh4 11. d3 Bd6 12. h3 Be6 13. Bb3 Bxb3 14. axb3
Qe7+ 15. Qe2 Qf6 16. Ra4 Rae8 17. Re4 Rxe4 18. Qxe4 Qd8 19. O-O Re8 20. Qc4 Qf6
21. Qg4 Qe5 22. g3 Qd5 23. Qd1 Qe6 24. Kg2 Qd5+ 25. Kg1 h5 26. h4 c5 27. c4 Qf5
28. Kg2 Be5 29. Re1 Rd8 30. Re3 Bd4 31. Rf3 Qg6 32. Be3 Bf6 33. Bxc5 b6 34. Bb4
Bxb2 35. Qe2 Bf6 36. Be7 Re8 37. Re3 Bxe7 38. Rxe7 Qc6+ 39. Kg1 Rxe7 40. Qxe7
a5 1/2-1/2

[Event "Gibraltar Masters 2019"]
[Site "Caleta ENG"]
[Date "2019.01.29"]
[Round "8"]
[White "Mamedov, Rauf"]
[Black "Karthikeyan, Murali"]
[Result "0-1"]
[WhiteElo "2703"]
[BlackElo "2570"]
[PlyCount "130"]
[EventDate "2019.01.22"]

1. e4 c6 2. d4 d5 3. e5 c5 4. dxc5 e6 5. Nf3 Bxc5 6. a3 f6 7. b4 Be7 8. Bb2 Nd7
9. c4 Nxe5 10. Nxe5 fxe5 11. cxd5 Nf6 12. Bxe5 exd5 13. Nc3 O-O 14. Be2 a5 15.
b5 Be6 16. O-O Bd6 17. Qd4 Rc8 18. Na4 Bxe5 19. Qxe5 Re8 20. Qd4 Bf5 21. Bd3
Bxd3 22. Qxd3 Qd6 23. g3 Ng4 24. Rad1 Rcd8 25. Qb3 Qh6 26. h4 Qd6 27. Rfe1 Rf8
28. Re2 Kh8 29. Rd4 h5 30. Kg2 Rd7 31. f3 Nh6 32. f4 Nf5 33. Rdd2 Re7 34. Rxe7
Qxe7 35. Qf3 Ne3+ 36. Kf2 Ng4+ 37. Kg2 Re8 38. Rxd5 Ne3+ 39. Kf2 Ng4+ 40. Kg2
Ne3+ 41. Kg1 Nxd5 42. Qxh5+ Kg8 43. Qxd5+ Qf7 44. Qxf7+ Kxf7 45. Kf2 Rc8 46.
Ke3 Rc4 47. Nb6 Rc3+ 48. Kd2 Rxa3 49. Nc4 Rb3 50. Nxa5 Rxb5 51. Nc4 Ke6 52. Ne3
Rc5 53. g4 b5 54. f5+ Kf7 55. Nc2 Kf6 56. Nd4 Ke5 57. Ne6 Rc8 58. Nxg7 b4 59.
f6 b3 60. f7 b2 61. f8=Q Rxf8 62. Kc2 Rf2+ 63. Kb1 Kd4 64. Nf5+ Kc3 65. Ne3 Kb3
0-1

[Event "Gibraltar Masters 2019"]
[Site "Caleta ENG"]
[Date "2019.01.29"]
[Round "8"]
[White "Deac, Bogdan-Daniel"]
[Black "Adams, Michael"]
[Result "1/2-1/2"]
[WhiteElo "2603"]
[BlackElo "2701"]
[PlyCount "62"]
[EventDate "2019.01.22"]

1. e4 e5 2. Nf3 Nc6 3. Bb5 Nf6 4. O-O Nxe4 5. Re1 Nd6 6. Nxe5 Be7 7. Bf1 Nf5 8.
Nf3 O-O 9. d4 d5 10. c3 Bd6 11. b3 Nh4 12. Nxh4 Qxh4 13. g3 Qd8 14. Bg2 Ne7 15.
c4 c6 16. Nc3 Bb4 17. Bb2 Be6 18. Qd3 Qd7 19. a3 Ba5 20. Re2 Rad8 21. c5 Bxc3
22. Bxc3 Ng6 23. h4 Bf5 24. Qd2 Bh3 25. h5 Bxg2 26. Kxg2 Nh4+ 27. gxh4 Qg4+ 28.
Kf1 Qh3+ 29. Kg1 Qg4+ 30. Kf1 Qh3+ 31. Kg1 Qg4+ 1/2-1/2

[Event "Gibraltar Masters 2019"]
[Site "Caleta ENG"]
[Date "2019.01.29"]
[Round "8"]
[White "Ivanchuk, Vassily"]
[Black "Muzychuk, Anna"]
[Result "1/2-1/2"]
[WhiteElo "2713"]
[BlackElo "2569"]
[PlyCount "74"]
[EventDate "2019.01.22"]

1. c4 c5 2. Nf3 Nc6 3. Nc3 g6 4. e3 Nf6 5. d4 cxd4 6. exd4 d5 7. Bg5 Be6 8.
Bxf6 exf6 9. Be2 Bb4 10. cxd5 Bxd5 11. O-O O-O 12. Rc1 Bxf3 13. Bxf3 Nxd4 14.
Bxb7 Rb8 15. Nd5 Ne6 16. Nxb4 Rxb7 17. a3 a5 18. Qf3 Qb6 19. Nd5 Qxb2 20. Nxf6+
Kg7 21. Qe4 Rfb8 22. Nd7 Qd4 23. Qxd4+ Nxd4 24. Nxb8 Ne2+ 25. Kh1 Nxc1 26. Rxc1
Rxb8 27. h4 Rb3 28. Rc5 Rxa3 29. h5 Kf6 30. g4 Ra4 31. Kh2 Rxg4 32. hxg6 Kxg6
33. Rxa5 h5 34. Rb5 f6 35. Ra5 h4 36. Kh3 Rf4 37. Rb5 f5 1/2-1/2

[Event "Gibraltar Masters 2019"]
[Site "Caleta ENG"]
[Date "2019.01.30"]
[Round "9"]
[White "Artemiev, Vladislav"]
[Black "Navara, David"]
[Result "1-0"]
[WhiteElo "2709"]
[BlackElo "2738"]
[PlyCount "73"]
[EventDate "2019.01.22"]

1. Nf3 Nf6 2. g3 g6 3. b3 d5 4. Bb2 c5 5. Bg2 Bg7 6. c4 d4 7. b4 O-O 8. bxc5
Ne4 9. O-O Nxc5 10. d3 e5 11. Ba3 Nba6 12. Nfd2 Re8 13. Ne4 Bf8 14. Nxc5 Nxc5
15. Nd2 Rb8 16. Rb1 b6 17. Bxc5 Bxc5 18. Qa4 Bg4 19. Bf3 Bh3 20. Qxa7 Bxf1 21.
Kxf1 Re7 22. Qa4 Qd7 23. Rb5 Qa7 24. Qb3 Kg7 25. a4 Ra8 26. Bxa8 Qxa8 27. f3
Ra7 28. Ne4 Rxa4 29. Nxc5 bxc5 30. Rxc5 Ra3 31. Qb4 Ra4 32. Qb6 Ra1+ 33. Kf2 e4
34. Rd5 e3+ 35. Kg2 Qa7 36. Qxa7 Rxa7 37. f4 1-0

[Event "Gibraltar Masters 2019"]
[Site "Caleta ENG"]
[Date "2019.01.30"]
[Round "9"]
[White "Vachier-Lagrave, Maxime"]
[Black "Alekseenko, Kirill"]
[Result "1-0"]
[WhiteElo "2780"]
[BlackElo "2637"]
[PlyCount "57"]
[EventDate "2019.01.22"]

1. e4 e5 2. Nf3 Nc6 3. Bb5 a6 4. Ba4 Nf6 5. O-O Be7 6. d3 b5 7. Bb3 d6 8. a3
O-O 9. Nc3 Na5 10. Ba2 Be6 11. b4 Bxa2 12. Rxa2 Nc6 13. Bg5 Ng4 14. Bd2 Nf6 15.
Re1 Qd7 16. Nd5 Nxd5 17. exd5 Na7 18. a4 c6 19. dxc6 Nxc6 20. c4 d5 21. axb5
axb5 22. Rxa8 Rxa8 23. cxb5 Nxb4 24. Nxe5 Qxb5 25. Qg4 Ra7 26. h4 Nc6 27. Bh6
Bf8 28. Nd7 f5 29. Qxf5 1-0